Library of the University of Algiers 3
Ibrahim Sultan Cheibout
شعار جامعة الجزائر 3
مكتبة جامعة الجزائر 3
إبراهيم سلطان شيبوط

مبادئ الإحصاء وأساليب التحليل الإحصائي / (رقم التسجيلة. 46345)

تفاصيل مارك
000 -LEADER
fixed length control field 00961nam a2200217Ia 4500
003 - CONTROL NUMBER IDENTIFIER
control field Ost
005 - DATE AND TIME OF LATEST TRANSACTION
control field 20260507075803.0
008 - FIXED-LENGTH DATA ELEMENTS--GENERAL INFORMATION
fixed length control field 260507s9999||||xx |||||||||||||| ||und||
040 ## - CATALOGING SOURCE
Transcribing agency fsecg
041 ## - LANGUAGE CODE
Language code of text/sound track or separate title ara
082 ## - DEWEY DECIMAL CLASSIFICATION NUMBER
Classification number 519.5
100 ## - MAIN ENTRY--PERSONAL NAME
Personal name الكندري، عبد الله رمضان
Relator term مؤلف
245 #0 - TITLE STATEMENT
Title مبادئ الإحصاء وأساليب التحليل الإحصائي /
Statement of responsibility, etc. عبد الله رمضان الكندري
260 ## - PUBLICATION, DISTRIBUTION, ETC.
Place of publication, distribution, etc. الكويت :
Name of publisher, distributor, etc. منشورات ذات السلاسل,
Date of publication, distribution, etc. 1985
300 ## - PHYSICAL DESCRIPTION
Other physical details إيضاحات ؛
Dimensions 24 سم
504 ## - BIBLIOGRAPHY, ETC. NOTE
Bibliography, etc. note بيبليوغرافيا: ص ص.315-319
520 ## - SUMMARY, ETC.
Summary, etc. يضم المفاهيم والطرق الإحصائية، المقاييس الاحصائية، العينات واختبارات الفروض الاحصائية ومستويات الدلالة، الكمبيوتر والبحث العلمي.
653 ## - INDEX TERM--UNCONTROLLED
Uncontrolled term الإحصاء
653 ## - INDEX TERM--UNCONTROLLED
Uncontrolled term الإحصاء التحليلي
942 ## - ADDED ENTRY ELEMENTS (KOHA)
Koha item type كتب
المقتنيات
Withdrawn status Lost status Source of classification or shelving scheme Damaged status Not for loan Home library Current library Date acquired Serial enumeration / chronology Inventory number Total checkouts Full call number Barcode Date last seen Price effective from Koha item type
    Library of Congress Classification   NOT LOAN / إعارة داخلية مكتبة كلية العلوم الإقتصادية والعلوم التجارية وعلوم التسيير مكتبة كلية العلوم الإقتصادية والعلوم التجارية وعلوم التسيير 07/05/2026 الطابق الأرضي 025.21/615   548/025.21ن01 025.21/615 07/05/2026 07/05/2026 كتب

موارد الويب المفتوحة


© University of Algiers 3 All Rights Reserved
|
Implemented by LECHELAH Riad